| 000 | 00000nam 2200000za 4500 |
| 001 | 9.699298 |
| 003 | CaOODSP |
| 005 | 20240717141947 |
| 007 | cr ||||||||||| |
| 008 | 150407s2002 onc o f000 0 eng d |
| 040 | |aCaOODSP|beng |
| 043 | |an-cn--- |
| 086 | 1 |aBT22-80/2002E-PDF |
| 110 | 1 |aCanada. |bTreasury Board. |
| 245 | 10|aCommunications policy of the Government of Canada |h[electronic resource] |
| 250 | |a[2002 edition]. |
| 260 | |aOttawa - Ontario : |bTreasury Board of Canada Secretariat |c2002. |
| 300 | |a48 p. |
| 590 | |a14-10-Supp|b2014-05-08 |
| 690 | 07|aGovernment policy|2gcpds |
| 690 | 07|aCommunications|2gcpds |
| 690 | 07|aFederal government|2gcpds |
| 775 | 08|tPolitique de communication du gouvernement du Canada |w(CaOODSP)9.643274 |
| 776 | 0#|tCommunications policy of the Government of Canada |w(CaOODSP)9.663607 |
| 776 | 0#|tPolitique de communication du gouvernement du Canada |w(CaOODSP)9.663608 |
| 794 | |tCommunications policy of the Government of Canada.|b[2006 edition]|w(CaOODSP)9.940690 |
| 856 | 40|qPDF|s605 KB|uhttps://publications.gc.ca/collections/collection_2014/sct-tbs/BT22-80-2002-eng.pdf |